| 000 | 00686nam a2200217 i 4500 | ||
|---|---|---|---|
| 999 |
_c200440507 _d58719 |
||
| 003 | TR-AnTOB | ||
| 005 | 20210426114903.0 | ||
| 007 | ta | ||
| 008 | 210426s g 00| 0 tur d | ||
| 040 |
_aTR-AnTOB _beng _erda _cTR-AnTOB |
||
| 041 | 0 | _ager | |
| 050 | 1 | _aH | |
| 245 | 0 | 0 |
_aTerörizm şebekesi / _cAmerika Birleşik Devletleri Dışişleri |
| 264 | 0 |
_a[Place of publication not identified] _b[publisher not identified] _c[date of publication not identified] |
|
| 300 |
_a25 pages : _billustrations ; _c30 cm |
||
| 336 |
_2rdacontent _atext _btxt |
||
| 337 |
_2rdamedia _aunmediated _bn |
||
| 338 |
_2rdacarrier _avolume _bnc |
||
| 942 |
_2lcc _cBK |
||